Чердак Вселенной (Запись № 5383603)

Подробности
000 -МАРКЕР
контрольное поле 01692nam0a22003251 4500
001 - ИДЕНТИФИКАТОР ЗАПИСИ
контрольное поле rc\281623
005 - ИДЕНТИФИКАТОР ВЕРСИИ
контрольное поле 20250621015049.0
035 ## - ДРУГИЕ СИСТЕМНЫЕ НОМЕРА
Идентификатор записи (NLR Aleph) 005508750
100 ## - ДАННЫЕ ОБЩЕЙ ОБРАБОТКИ
Данные общей обработки 20030307d1990 |||y0rusy50 ca
101 0# - ЯЗЫК РЕСУРСА
Язык текста, звукозаписи и т.д. русский
102 ## - СТРАНА ПУБЛИКАЦИИ ИЛИ ПРОИЗВОДСТВА
Страна публикации Российская Федерация
105 ## - ПОЛЕ КОДИРОВАННЫХ ДАННЫХ: ТЕКСТОВЫЕ МАТЕРИАЛЫ, МОНОГРАФИЧЕСКИЕ
Кодированные данные о монографическом текстовом документе y |||||||||
200 1# - ЗАГЛАВИЕ И СВЕДЕНИЯ ОБ ОТВЕТСТВЕННОСТИ
Основное заглавие Чердак Вселенной
Сведения, относящиеся к заглавию [Науч.-фантаст. повесть]
Первые сведения об ответственности С.И. Павлов
210 ## - ПУБЛИКАЦИЯ, РАСПРОСТРАНЕНИЕ И ДР.
Место издания, распространения и т.д. М.
Имя издателя, распространителя и т. д. Б. и.
Дата издания, распространения и т.д. 1990
215 ## - ФИЗИЧЕСКАЯ ХАРАКТЕРИСТИКА
Специфическое обозначение материала и объем 318 с.
Размеры 20
225 1# - СЕРИЯ
Основное заглавие серии Роман-газета для юношества
Обозначение тома 10
225 1# - СЕРИЯ
Основное заглавие серии Приключения и фантастика
300 ## - ОБЩИЕ ПРИМЕЧАНИЯ
Текст примечания Загл. обл.: Чердак Вселенной
423 #0 - ИЗДАЕТСЯ В ОДНОЙ ОБЛОЖКЕ ВМЕСТЕ С ...
Встроенное поле 2001#$aКуда спешишь, муравей?$e[Науч.-фантаст. повесть]$fЮ.М. Медведев
-- 700#1$aМедведев$bЮ. М.$cписатель$f1937-2020$gЮрий Михайлович$3RU\NLR\AUTH\773728
Заглавие Куда спешишь, муравей?
Автор Медведев, Юрий Михайлович (писатель ; 1937-2020)
423 #0 - ИЗДАЕТСЯ В ОДНОЙ ОБЛОЖКЕ ВМЕСТЕ С ...
Встроенное поле 2001#$aНЛО из Грачевки$fВ.И. Пищенко, М.А. Шабалин
-- 700#1$aПищенко$bВ.И.
-- 701#1$aШабалин$bМ.А.
Заглавие НЛО из Грачевки
Автор Пищенко, В.И.
423 #0 - ИЗДАЕТСЯ В ОДНОЙ ОБЛОЖКЕ ВМЕСТЕ С ...
Встроенное поле 2001#$aОдна лошадиная сила$fИ. Стрелкова
-- 700#1$aСтрелкова$bИ.
Заглавие Одна лошадиная сила
Автор Стрелкова, И.
512 0# - ЗАГЛАВИЕ ОБЛОЖКИ
Заглавие обложки Чердак Вселенной
700 #1 - ИМЯ ЛИЦА - ПЕРВИЧНАЯ ОТВЕТСТВЕННОСТЬ
Начальный элемент ввода Павлов
Часть имени, кроме начального элемента ввода С.И.
Даты 1935-
Расширение инициалов личного имени Сергей Иванович
801 #0 - ИСТОЧНИК ЗАПИСИ
Страна Российская Федерация
Организация NLR
Правила каталогизации psbo
801 #1 - ИСТОЧНИК ЗАПИСИ
Страна Российская Федерация
Организация ELAR
Источник данных rusmarc
852 ## - МЕСТОНАХОЖДЕНИЕ И ШИФР ХРАНЕНИЯ
Идентификатор организации NLR
Шифр хранения (Call Number) П28/1469
942 ## - ДОПОЛНИТЕЛЬНЫЕ ЭЛЕМЕНТЫ ЗАПИСИ (АБИС)
Тип экземпляра АБИС Книга
980 ## - КОЛЛЕКЦИЯ
Название коллекции Национальная библиография
Экземпляры
Тип экземпляра Дата поступления Библиотека постоянного хранения Библиотека текущего хранения Место хранения Шифр хранения Штрих-код Статус экземпляра
Книга 26.10.2013 РНБ (Московский) РНБ (Московский) Русский журнальный фонд П28/1469 5508750-10